Central Library OPAC University of Rajshahi

A short political guide to the Arab world / (Record no. 25156)

MARC details
000 -LEADER
fixed length control field 00777nam a22002411u 4500
001 - CONTROL NUMBER
control field 25156
003 - CONTROL NUMBER IDENTIFIER
rucl marc code BD-RjUL
005 - DATE AND TIME OF LATEST TRANSACTION
control field 20211209050835.0
008 - FIXED-LENGTH DATA ELEMENTS--GENERAL INFORMATION
fixed length control field 140316s1960 enkb b 00100 eng d
035 ## - SYSTEM CONTROL NUMBER
System control number (BD-RjUL)25225
040 ## - CATALOGING SOURCE
Original cataloging agency ANL
Language of cataloging eng
Transcribing agency ANL
Modifying agency SUA
-- BD-RjUL
041 ## - LANGUAGE CODE
Language code of text/sound track or separate title eng
082 00 - DEWEY DECIMAL CLASSIFICATION NUMBER
Classification number 956
Author mark and year PAS 1960
100 1# - MAIN ENTRY--PERSONAL NAME
Personal name Partner, Peter.
9 (RLIN) 77382
245 12 - TITLE STATEMENT
Title A short political guide to the Arab world /
Statement of responsibility, etc. Peter Partner.
260 ## - PUBLICATION, DISTRIBUTION, ETC. (IMPRINT)
Place of publication, distribution, etc. New York :
Name of publisher, distributor, etc. Frederick A. Praeger,
Date of publication, distribution, etc. 1960.
300 ## - PHYSICAL DESCRIPTION
Pagination 142 p. :
Illustrations Maps ;
Size 23 cm.
504 ## - BIBLIOGRAPHY, ETC. NOTE
Bibliography, etc Includes bibliographical references and index.
650 #0 - SUBJECT ADDED ENTRY--TOPICAL TERM
Topical term or geographic name as entry element Nationalism
Geographic subdivision Arab countries.
9 (RLIN) 76911
651 #0 - SUBJECT ADDED ENTRY--GEOGRAPHIC NAME
Geographic name Middle East
General subdivision Politics and government.
9 (RLIN) 77383
Geographic name Arab countries
General subdivision Politics and government.
9 (RLIN) 58123
942 ## - ADDED ENTRY ELEMENTS (KOHA)
Source of classification or shelving scheme Dewey Decimal Classification
Koha item type Books
Holdings
Lost status Source of classification or shelving scheme Damaged status Not for loan Collection code Permanent Location Current Location Shelving location Date acquired Source of acquisition Cost, normal purchase price Total Checkouts Full call number Date last seen Copy number Koha item type
  Dewey Decimal Classification   Added to bundle Non-fiction Central Library, University of Rajshahi Central Library, University of Rajshahi Reading Room 17/06/1965 Zeitlinger. 28.00   956 PAS 1960 16/03/2014 C-1 Books
  Dewey Decimal Classification     Non-fiction Central Library, University of Rajshahi Central Library, University of Rajshahi   01/04/1967 Pak-American. 20.00   956 PAS 1960 16/03/2014 C-2 Books